000 00249 a2200097 4500
001 32845
100 _aNasir,Muhammad
245 _aMathematics for Engineers and Scientists (Vol-I)
260 _aLahore
_bAllied Book Centre
_c
090 _c22014
_d22014
942 _aNUST-CAE
_cM
_c13353
999 _c267918
_d267918